| 000 | 00624nam a2200217 a 4500 | ||
|---|---|---|---|
| 001 | BRCA_5724 | ||
| 005 | 20190320205207.0 | ||
| 008 | 030311s1912----gw-#######---#001-0#ger-# | ||
| 041 | _ager | ||
| 044 | _agw | ||
| 050 | 4 |
_aGA871 _b.H84 1912 |
|
| 100 | 1 |
_aHugershoff, R. _914527 |
|
| 245 | 1 | 0 |
_aKarthographische Aufnahmen und Geograpische Ortsbeftimmung auf Reisen _cR. Hugershoff. |
| 260 |
_aBerlín _bSammlung Köschen _c1912 |
||
| 300 |
_a178 p. _bil., mapas _c16 cm. |
||
| 500 | _aIncluye índice analítico y glosario | ||
| 501 | _aH44 | ||
| 650 | 1 | 4 |
_aCartografía _zAlemania _914528 |
| 902 | _aGFM | ||
| 942 |
_2lcc _cB |
||
| 999 |
_c5414 _d5414 |
||